Normal view MARC view

Entry Personal Name

Number of records used in: 1

001 - CONTROL NUMBER

  • control field: 12654

003 - CONTROL NUMBER IDENTIFIER

  • control field: OSt

005 - DATE AND TIME OF LATEST TRANSACTION

  • control field: 20180604184241.0

008 - FIXED-LENGTH DATA ELEMENTS

  • fixed length control field: 180604|| aca||aabn | a|a d

040 ## - CATALOGING SOURCE

  • Original cataloging agency: OSt
  • Transcribing agency: OSt

100 ## - HEADING--PERSONAL NAME

  • Personal name: Edited by: Weisbroth H. Steven;Flatta E. Ronald;Kraus L. Allan

670 ## - SOURCE DATA FOUND

  • Source citation: Work cat.: (OSt): Edited by: Weisbroth H. Steven;Flatta E. Ronald;Kraus L. Allan, The Biology of the Laboratory Rabbit., 1974